01306nam a2200241Ia 4500001001100000003001000011008004100021040002500062041001200087100002100099245007300120250001100193260008900204300001200293500019400305501011400499520019400613650004000807942000700847957000600854999004200860952016200902L475-25529IT-CnALBA170116s9999||||xx |||||||||||||| ||und|| aIT-CnALBAcIT-CnALBA aLATINO  aDANIELLI DANIELE 0aAUREA ROMA. GRAMMATICA LATINA PER LA SCUOLA MEDIA. (I E II CLASSE).  a6a ed. a BOLOGNAbCAPPELLI LICINIO - EDITORE c1959 [1° Ed.:1948 - Ed.Ling.Originale: 1948] a262 p.  aRISTAMPA. CALENDARIO ROMANO. ELENCO DI VERBI. PRONUNCIA DEL LATINO. TEORIA DELLA FLESSIONE. DECLINAZIONI. NOMI GRECI. AGGETTIVI. GRADI DELL'AVVERBIO. VERBI. PARTI INVARIABILI DEL DISCORSO.  aSocietà San Paolo EM - Piazza San Paolo, 14 - 12051 ALBA (CN) (non commercial uses only) ® Copyright 2017 aRISTAMPA. CALENDARIO ROMANO. ELENCO DI VERBI. PRONUNCIA DEL LATINO. TEORIA DELLA FLESSIONE. DECLINAZIONI. NOMI GRECI. AGGETTIVI. GRADI DELL'AVVERBIO. VERBI. PARTI INVARIABILI DEL DISCORSO.  aGRAMMATICA LATINA SINTASSI ESERCIZI cBK 71 a30316bNOg Copie: 1 c284642d284642 0010406L_4752552971aALBAbALBAd2017-01-16l0oL475-25529r2017-01-16 00:00:00w2017-01-16yBKz(data import: 16 gennaio 2017) - By Epidotti, Vaglietti.